000 00472nam a2200169Ia 4500
005 20250511102633.0
008 241212s9999 xx 000 0 und d
020 _a9781032229966
_qpbk
082 _a301.01
_bSHO
100 _aShove, Elizabeth
245 0 _aConnecting Practices /
_c Elizabeth Shove
250 _aFirst edition
260 _bRoutledge,
_c2023
300 _a139p;
650 _a Problèmes sociaux ; Social problems ; Sociologie ;
942 _cENGLISH
999 _c566136
_d566136